000 00322pab a2200121 454500
008 180718b xxu||||| |||| 00| 0 eng d
100 _aSandmo, Agnar
245 _aBuchanan on political economy: a review article
650 _a Buchanan, James
650 _aEconomics
773 _aJournal of Economic Literature
909 _a2990
999 _c2990
_d2990